00811nam a2200241 a 4500001001300000003000900013005001700022008004100039020002300080082001500103100002900118245007200147260004900219300000900268500003500277505006500312650001500377700002900392902000800421942000700429952011600436999001700552nice12345678IN_TiNIC20260116013944.0050524s1997 newa grp 000 0 eng  a812371X c12500a923.2bBHA aBhattacharya, Sabyasachi aMahatma and the Poet; Letters and Debates Between Gandhi and Tagore aNew DelhibNational Book Trust, India c1997 a216p aincludes index and biblioraphy2 aEnglish Rendering Muhammad Akbnar Muradpuri, Abul Aziz Kamal aGandhi M K1 aBhattacharya, Sabyasachi bSRS cBK 001040708StackRoom-aHMIbHMId2007-06-06g125.00l0o923.2 BHAp018545r2007-06-06v125.00w2005-05-24yBK c13253d13253